000 00659nam a2200169 a 4500
001 000035147
005 20200930074132.0
008 111025s1917 sp 000 0 spa d
040 _aDO-SdBNP
_bspa
_cBNPHU
082 _axxxx
_bL953g
100 1 _aGarcía Conde, Luis
_960853
245 1 3 _aEl gaitero de la aldea :
_bcomedia lírica en un acto y tres cuadros, en prosa y verso : /
_cLuís García Conde, Arturo Briones ; música Teodoro Valdovinos.
260 _aMadrid :
_bR. Velasco,
_c1917.
500 _aEstrenada en el Teatro Parque de El Paraíso el 2 de agosto de 1917
700 1 2 _aBriones, Arturo
_960854
700 1 2 _aValdovinos, Teodoro,
_emús.
_960855
999 _c34638
_d34638